[Event "LSS WC-2013-S-00010"]
[Site "LSS email"]
[Date "2010.07.20"]
[Round "?"]
[White "Sekret, Roman"]
[Black "Sidenko, Anatoly Viktorovich"]
[Result "1-0"]
[WhiteElo "2311"]
[BlackElo "2286"]
[PlyCount "97"]
[EventDate "2010.07.25"]
[EventType "tourn (corr)"]
[EventRounds "10"]
[EventCountry "GER"]
[SourceTitle "Telechess CBM 153"]
[Source "ChessBase"]
[SourceDate "2013.03.14"]
[SourceVersion "1"]
[SourceVersionDate "2013.03.14"]
[SourceQuality "1"]

1. d4 Nf6 2. c4 e6 3. Nf3 d5 4. g3 dxc4 5. Bg2 a6 6. 0-0 Nc6 7. e3 Bd7 8. Nc3 Bd6 9. Qe2 b5 10. e4 e5 11. dxe5 Nxe5 12. Nxe5 Bxe5 13. f4 Bxc3 14. bxc3 c6 15. f5 0-0 16. g4 Re8 17. g5 Nd5 18. Qf3 Nb6 19. Bf4 Na4 20. Rad1 Nc5 21. Rd4 Nd3 22. Bg3 Qb6 23. Qe3 Ne5 24. Kh1 Bc8 25. Bxe5 Rxe5 26. g6 fxg6 27. Qg3 Re8 28. fxg6 h6 29. Rf7 Ra7 30. Qd6 Rxf7 31. gxf7+ Kxf7 32. e5 Be6 33. Bxc6 Qb8 34. Kg1 Qc8 35. Bxe8+ Kxe8 36. Qb6 b4 37. Qxb4 Kf7 38. Qb6 Qe8 39. h4 Qe7 40. Qd6 Qe8 41. Qd8 Qxd8 42. Rxd8 Bf5 43. Rd6 a5 44. Kf2 Bb1 45. a3 Bf5 46. Ra6 Bc8 47. Rxa5 Kg6 48. Ra8 Bd7 49. Rf8 1-0

[Event "LSS WC-2013-S-00010"]
[Site "LSS email"]
[Date "2010.07.20"]
[Round "?"]
[White "Sekret, Roman"]
[Black "Zlotkowski, Arkadiusz"]
[Result "1-0"]
[WhiteElo "2311"]
[BlackElo "2198"]
[PlyCount "63"]
[EventDate "2010.07.25"]
[EventType "tourn (corr)"]
[EventRounds "10"]
[EventCountry "GER"]
[SourceTitle "Telechess CBM 153"]
[Source "ChessBase"]
[SourceDate "2013.03.14"]
[SourceVersion "1"]
[SourceVersionDate "2013.03.14"]
[SourceQuality "1"]

1. e4 c6 2. d4 d5 3. e5 Bf5 4. Nf3 e6 5. Be2 Nd7 6. 0-0 h6 7. Nbd2 Ne7 8. c3 a6 9. Re1 Bg6 10. b4 Nf5 11. Nb3 Be7 12. a4 0-0 13. Bf4 Bh5 14. h3 Bg6 15. a5 Nh4 16. Nxh4 Bxh4 17. Rf1 Bg5 18. Bxg5 Qxg5 19. f4 Qe7 20. Qe1 f6 21. Rc1 fxe5 22. Qg3 Be4 23. fxe5 Rxf1+ 24. Rxf1 Rf8 25. Rxf8+ Kxf8 26. Nd2 Bf5 27. Bh5 Kg8 28. Kf2 Qf8 29. Ke1 Qe7 30. Kd1 Qf8 31. Be2 Bh7 32. Qf3 1-0

[Event "LSS SM-2009-0-00049"]
[Site "LSS email"]
[Date "2009.03.18"]
[Round "?"]
[White "Sekret, Roman"]
[Black "Daurelle, Herve"]
[Result "1/2-1/2"]
[WhiteElo "2273"]
[BlackElo "2366"]
[PlyCount "90"]
[EventDate "2009.02.14"]
[EventType "tourn (corr)"]
[EventRounds "6"]
[EventCountry "GER"]
[SourceTitle "Corr 2011"]
[Source "ChessBase"]
[SourceDate "2010.08.31"]
[SourceVersion "1"]
[SourceVersionDate "2010.08.31"]
[SourceQuality "1"]

1. e4 c5 2. Nf3 d6 3. d4 cxd4 4. Nxd4 Nf6 5. Nc3 Bd7 6. Bg5 e6 7. f3 a6 8. Qd2 Nc6 9. Nb3 h6 10. Be3 Be7 11. a4 0-0 12. Bd3 Nb4 13. 0-0 e5 14. a5 Rc8 15. Bb6 Qe8 16. f4 Nxd3 17. cxd3 Be6 18. Nc1 Bd8 19. Bxd8 Qxd8 20. N1e2 b6 21. b4 bxa5 22. Rxa5 Qb6+ 23. Kh1 Qxb4 24. Rxa6 Ra8 25. Rxa8 Rxa8 26. Rb1 Qc5 27. h3 Rc8 28. Kh2 Bd7 29. Rc1 Qa7 30. Ng1 Qa5 31. Nge2 Qb6 32. Ng1 Re8 33. Nf3 exf4 34. Qxf4 Ra8 35. Qd2 Ra3 36. Ne2 Nh5 37. Rc3 Ra1 38. Rc1 Ra8 39. Rc2 d5 40. e5 Qf2 41. Qe1 Qe3 42. Qd2 Qf2 43. Qe1 Qe3 44. Qd2 Qf2 45. Qe1 Qe3 1/2-1/2

[Event "LSS SM-2009-0-00049"]
[Site "LSS email"]
[Date "2009.03.18"]
[Round "?"]
[White "Sekret, Roman"]
[Black "Godat, Terry"]
[Result "1/2-1/2"]
[WhiteElo "2266"]
[BlackElo "2314"]
[PlyCount "41"]
[EventDate "2009.02.14"]
[EventType "tourn (corr)"]
[EventRounds "6"]
[EventCountry "GER"]
[SourceTitle "Corr 2011"]
[Source "ChessBase"]
[SourceDate "2010.08.31"]
[SourceVersion "1"]
[SourceVersionDate "2010.08.31"]
[SourceQuality "1"]

1. e4 c5 2. Nf3 e6 3. d4 cxd4 4. Nxd4 Nc6 5. Nc3 Qc7 6. Be3 a6 7. Bd3 Nf6 8. 0-0 Nxd4 9. Bxd4 Bc5 10. Bxf6 gxf6 11. Qg4 Qe5 12. Qg7 Rf8 13. Kh1 Qg5 14. Qxh7 Rg8 15. g3 b5 16. f4 Qg6 17. Qxg6 fxg6 18. h4 Bb7 19. Kh2 Ke7 20. Ne2 Rh8 21. e5 1/2-1/2

[Event "IECG WC.2011.S.00002 email"]
[Site "IECG email"]
[Date "2008.10.23"]
[Round "?"]
[White "Altmann, Eduard"]
[Black "Sekret, Roman"]
[Result "1/2-1/2"]
[WhiteElo "1866"]
[BlackElo "2258"]
[PlyCount "61"]
[EventDate "2008.10.23"]
[EventType "tourn (corr)"]
[EventRounds "10"]
[SourceTitle "Corr 2024"]
[Source "ChessBase"]
[SourceDate "2023.10.19"]
[SourceVersion "1"]
[SourceVersionDate "2023.10.19"]
[SourceQuality "1"]

1. d4 d5 2. c4 e6 3. Nc3 c6 4. e3 Nf6 5. Nf3 Nbd7 6. Bd3 dxc4 7. Bxc4 b5 8. Bd3 a6 9. e4 c5 10. e5 cxd4 11. Nxb5 axb5 12. exf6 gxf6 13. 0-0 Qb6 14. Qe2 b4 15. Rd1 Bc5 16. a4 bxa3 17. bxa3 Bb7 18. Rb1 Qc6 19. Bb5 Qd5 20. Be3 Rg8 21. Bxd4 Bxd4 22. Bxd7+ Ke7 23. Kf1 Qxd7 24. Rxd4 Bd5 25. Rbd1 Ra5 26. Kg1 Qb7 27. Nh4 Bxg2 28. Rd7+ Qxd7 29. Rxd7+ Kxd7 30. Nxg2 Rag5 31. Kf1 1/2-1/2

[Event "IECG WC.2011.S.00002 email"]
[Site "IECG email"]
[Date "2008.10.23"]
[Round "?"]
[White "Brueckner, Joachim"]
[Black "Sekret, Roman"]
[Result "0-1"]
[WhiteElo "2346"]
[BlackElo "2258"]
[PlyCount "66"]
[EventDate "2008.10.23"]
[EventType "tourn (corr)"]
[EventRounds "10"]
[SourceTitle "Corr 2024"]
[Source "ChessBase"]
[SourceDate "2023.10.19"]
[SourceVersion "1"]
[SourceVersionDate "2023.10.19"]
[SourceQuality "1"]

1. e4 c5 2. Nf3 d6 3. d4 cxd4 4. Nxd4 Nf6 5. Nc3 a6 6. Bg5 e6 7. f4 Qb6 8. Nb3 Be7 9. Qf3 Nbd7 10. 0-0-0 Qc7 11. Bd3 b5 12. a3 Rb8 13. Rhe1 h6 14. Qh3 b4 15. axb4 Rxb4 16. Kb1 Qb8 17. Na2 Rb6 18. Ka1 a5 19. Nd4 Rg8 20. Bh4 g5 21. fxg5 hxg5 22. Bf2 Nc5 23. Rb1 Bd7 24. Bg1 Qb7 25. Qf3 g4 26. Qe3 Rh8 27. Qg3 Nfxe4 28. Bxe4 Nxe4 29. Qxg4 d5 30. Qe2 e5 31. Nf3 Bb5 32. Qd1 Re6 33. g3 Kf8 0-1

[Event "IECG WC.2011.S.00002 email"]
[Site "IECG email"]
[Date "2008.10.23"]
[Round "?"]
[White "Sekret, Roman"]
[Black "Hermans, Marcel"]
[Result "1-0"]
[WhiteElo "2258"]
[BlackElo "2010"]
[PlyCount "75"]
[EventDate "2008.10.23"]
[EventType "tourn (corr)"]
[EventRounds "10"]
[SourceTitle "Corr 2024"]
[Source "ChessBase"]
[SourceDate "2023.10.19"]
[SourceVersion "1"]
[SourceVersionDate "2023.10.19"]
[SourceQuality "1"]

1. e4 Nf6 2. e5 Nd5 3. d4 d6 4. c4 Nb6 5. exd6 exd6 6. Bd3 Be7 7. Nc3 0-0 8. Nge2 Bg4 9. Qc2 g6 10. h3 Bxe2 11. Nxe2 Nc6 12. a3 Bf6 13. Be3 d5 14. c5 Nc8 15. 0-0 N8e7 16. b4 a6 17. f4 Qd7 18. g4 Bg7 19. f5 gxf5 20. gxf5 Kh8 21. Kh2 Bf6 22. Qd2 Rg8 23. Bc2 Rae8 24. Ng3 Nc8 25. Nh5 Qd8 26. Nxf6 Qxf6 27. Rae1 h6 28. Rf4 N8a7 29. Bb3 Nb5 30. Bxd5 Nxa3 31. Bf2 Rxe1 32. Bxe1 Qg5 33. Qf2 Qf6 34. Qf3 Nb5 35. Bh4 Qg7 36. Rg4 Qf8 37. Bf6+ Kh7 38. Rh4 1-0

[Event "IECG WC.2011.S.00002 email"]
[Site "IECG email"]
[Date "2008.10.23"]
[Round "?"]
[White "Sekret, Roman"]
[Black "Sarosy, Zoltan"]
[Result "1-0"]
[WhiteElo "2258"]
[BlackElo "2087"]
[PlyCount "99"]
[EventDate "2008.10.23"]
[EventType "tourn (corr)"]
[EventRounds "10"]
[SourceTitle "Corr 2024"]
[Source "ChessBase"]
[SourceDate "2023.10.19"]
[SourceVersion "1"]
[SourceVersionDate "2023.10.19"]
[SourceQuality "1"]

1. e4 c5 2. Nf3 Nc6 3. d4 cxd4 4. Nxd4 Nf6 5. Nc3 e5 6. Ndb5 d6 7. Bg5 a6 8. Na3 b5 9. Bxf6 gxf6 10. Nd5 f5 11. c3 Bg7 12. exf5 Bxf5 13. Nc2 0-0 14. Nce3 Be6 15. Bd3 f5 16. 0-0 Kh8 17. Qh5 e4 18. Bc2 Ne7 19. Rad1 Nxd5 20. Nxd5 Qe8 21. Qxe8 Raxe8 22. Nc7 Re7 23. Nxa6 Bxa2 24. Rxd6 Be5 25. Rd2 Bf4 26. Rd4 Bc4 27. Rb1 Be5 28. Rdd1 Ra8 29. Nb4 Re6 30. Nd5 Ree8 31. g3 h6 32. Ne3 Be6 33. Ra1 Kg7 34. f4 Bf6 35. Rxa8 Rxa8 36. Rd6 Ra1+ 37. Kf2 Kf7 38. Rb6 Rh1 39. Rxb5 Rxh2+ 40. Kf1 Be7 41. Bd1 Kf6 42. b4 Bd8 43. c4 Rd2 44. Ke1 Rb2 45. c5 Bc7 46. Rb7 Ba5 47. Nc2 Bd5 48. Rb5 Bc7 49. c6 Be6 50. Rb7 1-0

[Event "IECG SH.2007.0.00091 email"]
[Site "IECG email"]
[Date "2007.02.23"]
[Round "?"]
[White "Hassim, Yonah"]
[Black "Sekret, Roman"]
[Result "1/2-1/2"]
[WhiteElo "2208"]
[BlackElo "2276"]
[PlyCount "117"]
[EventDate "2007.02.21"]
[EventType "tourn (corr)"]
[EventRounds "6"]
[SourceTitle "Corr 2022"]
[Source "ChessBase"]
[SourceDate "2021.10.24"]
[SourceVersion "1"]
[SourceVersionDate "2021.10.24"]
[SourceQuality "1"]

1. e4 c5 2. Nf3 d6 3. d4 cxd4 4. Nxd4 Nf6 5. Nc3 a6 6. Be3 Ng4 7. Bg5 h6 8. Bh4 g5 9. Bg3 Bg7 10. h3 Ne5 11. Qd2 Nbc6 12. 0-0-0 Nxd4 13. Qxd4 Be6 14. Nd5 Qa5 15. Kb1 Rc8 16. c3 Qc5 17. Qa4+ Qc6 18. Qb3 Nd7 19. f3 Nc5 20. Qc2 Qa4 21. Bd3 Qxc2+ 22. Bxc2 Be5 23. Bxe5 dxe5 24. Ne3 b5 25. h4 Rg8 26. hxg5 hxg5 27. b4 Nd7 28. Kb2 g4 29. a4 gxf3 30. gxf3 Nb6 31. axb5 axb5 32. Bb3 Bxb3 33. Kxb3 f6 34. Ra1 Rc7 35. Ra6 Rb7 36. Ra5 Nc8 37. Ra8 Kd7 38. Rd1+ Ke6 39. Nf5 Rh8 40. Rg1 Rd8 41. Rh1 Rc7 42. Ra6+ Nd6 43. Rh7 Rb7 44. Rb6 Rc7 45. Rg7 Rcd7 46. Nxd6 exd6 47. Rg2 Rh8 48. Rxb5 Rh3 49. Rf2 f5 50. exf5+ Kxf5 51. f4 d5 52. fxe5+ Kxe5 53. Rd2 Ke6 54. Rc5 d4 55. b5 Rxc3+ 56. Rxc3 dxc3 57. Rxd7 Kxd7 58. Kxc3 Kc7 59. Kd4 1/2-1/2

[Event "IECG CM.2006.0.00306 email"]
[Site "IECG email"]
[Date "2006.10.15"]
[Round "?"]
[White "Sekret, Roman"]
[Black "Hughes, Stephen J"]
[Result "1/2-1/2"]
[WhiteElo "2282"]
[BlackElo "2331"]
[PlyCount "52"]
[EventDate "2006.10.15"]
[EventType "tourn (corr)"]
[EventRounds "6"]
[SourceTitle "Corr 2011"]
[Source "ChessBase"]
[SourceDate "2010.08.31"]
[SourceVersion "1"]
[SourceVersionDate "2010.08.31"]
[SourceQuality "1"]

1. d4 Nf6 2. c4 e6 3. Nc3 Bb4 4. Qc2 0-0 5. a3 Bxc3+ 6. Qxc3 b6 7. Bg5 Bb7 8. f3 h6 9. Bh4 d5 10. e3 Nbd7 11. cxd5 Nxd5 12. Bxd8 Nxc3 13. Bh4 Nd5 14. Bf2 c5 15. e4 Nf4 16. Rd1 cxd4 17. Bxd4 Rfd8 18. Ne2 Ng6 19. Nc3 Nc5 20. b4 e5 21. Be3 Ne6 22. Rxd8+ Rxd8 23. Kf2 Rc8 24. Nb5 Rc2+ 25. Kg3 Nef4 26. Nxa7 Nh5+ 1/2-1/2

[Event "IECG CM.2006.0.00297 email"]
[Site "IECG email"]
[Date "2006.03.05"]
[Round "?"]
[White "Valderrama, Elmer"]
[Black "Sekret, Roman"]
[Result "1-0"]
[WhiteElo "2261"]
[BlackElo "2322"]
[PlyCount "77"]
[EventDate "2006.03.05"]
[EventType "tourn (corr)"]
[EventRounds "6"]
[SourceTitle "Corr 2008"]
[Source "ChessBase"]
[SourceDate "2008.06.24"]
[SourceVersion "1"]
[SourceVersionDate "2008.06.24"]
[SourceQuality "1"]

1. e4 c5 2. Nf3 d6 3. d4 cxd4 4. Nxd4 Nf6 5. Nc3 Nc6 6. Bg5 Bd7 7. Qd2 Rc8 8. 0-0-0 Nxd4 9. Qxd4 Qa5 10. h4 e5 11. Qd2 Rxc3 12. Qxc3 Qxc3 13. bxc3 Nxe4 14. Be3 Nxc3 15. Rd3 Nxa2+ 16. Kb2 Nb4 17. Rb3 d5 18. Bd2 a5 19. c3 a4 20. Rxb4 Bxb4 21. cxb4 b5 22. Bd3 Ke7 23. Rc1 Kd6 24. Rc5 Rb8 25. f4 f6 26. h5 h6 27. fxe5+ fxe5 28. Be1 Bc6 29. Bg3 Be8 30. Rc1 Rb7 31. Be2 Bd7 32. Bf2 Bf5 33. g4 Bd7 34. Bc5+ Ke6 35. Rf1 d4 36. Bd3 Kd5 37. Re1 Rc7 38. Be4+ Ke6 39. Bb1 1-0

[Event "CFriend AC-2005-Q-00002 email"]
[Site "Chessfriend.com"]
[Date "2005.07.22"]
[Round "1"]
[White "Lehnhoff, Heinz Georg"]
[Black "Sekret, Roman"]
[Result "1-0"]
[WhiteElo "2163"]
[BlackElo "2324"]
[PlyCount "51"]
[EventDate "2005.??.??"]
[EventType "tourn (corr)"]
[EventRounds "6"]
[SourceTitle "Corr 2024"]
[Source "ChessBase"]
[SourceDate "2023.10.19"]
[SourceVersion "1"]
[SourceVersionDate "2023.10.19"]
[SourceQuality "1"]

1. d4 d5 2. c4 e6 3. Nc3 c6 4. Nf3 Nf6 5. Bg5 h6 6. Bh4 dxc4 7. e4 g5 8. Bg3 b5 9. Be2 Bb7 10. h4 g4 11. Ne5 h5 12. f3 Nbd7 13. fxg4 hxg4 14. 0-0 b4 15. Nxf7 Kxf7 16. e5 bxc3 17. Bxc4 c5 18. Qxg4 Bd5 19. Bxd5 exd5 20. Rae1 Bg7 21. h5 Kg8 22. exf6 Nxf6 23. Qe6+ Kh7 24. h6 Re8 25. Qf5+ Kg8 26. Qg5 1-0

[Event "CFriend AC-2005-Q-00002 email"]
[Site "Chessfriend.com"]
[Date "2005.07.22"]
[Round "1"]
[White "Sekret, Roman"]
[Black "Laczay, Istvan"]
[Result "1/2-1/2"]
[WhiteElo "2324"]
[BlackElo "1884"]
[PlyCount "77"]
[EventDate "2005.??.??"]
[EventType "tourn (corr)"]
[EventRounds "6"]
[SourceTitle "Corr 2024"]
[Source "ChessBase"]
[SourceDate "2023.10.19"]
[SourceVersion "1"]
[SourceVersionDate "2023.10.19"]
[SourceQuality "1"]

1. d4 Nf6 2. c4 g6 3. Nc3 d5 4. cxd5 Nxd5 5. e4 Nxc3 6. bxc3 c5 7. Bc4 Bg7 8. Ne2 0-0 9. 0-0 Nc6 10. Be3 Bg4 11. f3 cxd4 12. cxd4 Na5 13. Bxf7+ Rxf7 14. fxg4 Rxf1+ 15. Kxf1 Qd6 16. Kg1 Qe6 17. Nc3 Rc8 18. Rc1 b5 19. Nxb5 Rxc1 20. Qxc1 Qxe4 21. Qc8+ Kf7 22. Kf2 a6 23. Nc7 Qc6 24. Qd8 Nc4 25. Qd5+ Qxd5 26. Nxd5 e5 27. dxe5 Bxe5 28. g3 a5 29. Nb6 Nxb6 30. Bxb6 a4 31. Ke3 Ke6 32. Ke4 Bf6 33. Bd4 Be7 34. Be3 Bf6 35. Bh6 Be5 36. Bg5 Bg7 37. h3 Be5 38. Bf4 Bg7 39. Be3 1/2-1/2

[Event "CFriend AC-2005-Q-00002 email"]
[Site "Chessfriend.com"]
[Date "2005.07.22"]
[Round "1"]
[White "Tinture, Laurent"]
[Black "Sekret, Roman"]
[Result "1/2-1/2"]
[WhiteElo "2293"]
[BlackElo "2324"]
[PlyCount "43"]
[EventDate "2005.??.??"]
[EventType "tourn (corr)"]
[EventRounds "6"]
[SourceTitle "Corr 2008"]
[Source "ChessBase"]
[SourceDate "2008.06.24"]
[SourceVersion "1"]
[SourceVersionDate "2008.06.24"]
[SourceQuality "1"]

1. d4 d5 2. c4 e6 3. Nf3 c6 4. Nc3 Nf6 5. Bg5 h6 6. Bh4 dxc4 7. e4 g5 8. Bg3 b5 9. Be2 Bb7 10. h4 g4 11. Ne5 h5 12. 0-0 Nbd7 13. Qc2 Nxe5 14. Bxe5 Rg8 15. Rad1 Nd7 16. Bg3 Qf6 17. d5 a6 18. a4 Nc5 19. Rfe1 Bg7 20. Bd6 Bf8 21. Bg3 Bg7 22. Bd6 1/2-1/2

[Event "IECG WC.2008.S.00006"]
[Site "IECG email"]
[Date "2005.07.17"]
[Round "?"]
[White "Sekret, Roman"]
[Black "Horvath, Daniel"]
[Result "0-1"]
[WhiteElo "2324"]
[BlackElo "2242"]
[PlyCount "68"]
[EventDate "2005.07.17"]
[EventType "tourn (corr)"]
[EventRounds "6"]
[SourceTitle "Corr 2008"]
[Source "ChessBase"]
[SourceDate "2008.06.24"]
[SourceVersion "1"]
[SourceVersionDate "2008.06.24"]
[SourceQuality "1"]

1. d4 Nf6 2. c4 e6 3. Nc3 Bb4 4. f3 0-0 5. e4 d5 6. e5 Nfd7 7. a3 Bxc3+ 8. bxc3 dxc4 9. f4 Nb6 10. Qh5 Nc6 11. Nf3 Na5 12. Be2 Nd5 13. Bd1 Nb3 14. Bxb3 cxb3 15. Ng5 h6 16. Ne4 a5 17. a4 b6 18. Rb1 Bb7 19. Rxb3 Ne7 20. Nd2 Bxg2 21. Rg1 Bc6 22. Ba3 Nf5 23. Bxf8 Qxf8 24. Kf2 Bxa4 25. Rbb1 Bc6 26. Nc4 Bd5 27. Ne3 Nxe3 28. Kxe3 Qa3 29. Rgc1 c5 30. Qd1 b5 31. dxc5 Qxc5+ 32. Qd4 Qc6 33. Kf2 a4 34. Qd3 Ra5 0-1

[Event "CFriend WC-2008-S-00006"]
[Site "Chessfriend.com"]
[Date "2005.07.17"]
[Round "1"]
[White "Sekret, Roman"]
[Black "Lacasa Diaz, Jose Antonio"]
[Result "1-0"]
[WhiteElo "2324"]
[BlackElo "2176"]
[PlyCount "31"]
[EventDate "2005.??.??"]
[EventType "tourn (corr)"]
[EventRounds "6"]
[SourceTitle "Corr 2008"]
[Source "ChessBase"]
[SourceDate "2008.06.24"]
[SourceVersion "1"]
[SourceVersionDate "2008.06.24"]
[SourceQuality "1"]

1. d4 Nf6 2. c4 e6 3. Nc3 Bb4 4. f3 d5 5. a3 Bxc3+ 6. bxc3 c5 7. cxd5 Nxd5 8. dxc5 Qa5 9. e4 Ne7 10. Be3 0-0 11. Qb3 Qc7 12. Bb5 Nec6 13. Ne2 e5 14. 0-0 Be6 15. Qa4 Na5 16. Rab1 1-0

[Event "IECG CM.2005.0.00274 email"]
[Site "IECG email"]
[Date "2005.04.24"]
[Round "?"]
[White "Raimbert, Ronald"]
[Black "Sekret, Roman"]
[Result "0-1"]
[WhiteElo "2458"]
[BlackElo "2307"]
[PlyCount "50"]
[EventDate "2005.04.24"]
[EventType "tourn (corr)"]
[EventRounds "6"]
[SourceTitle "Corr 2008"]
[Source "ChessBase"]
[SourceDate "2008.06.24"]
[SourceVersion "1"]
[SourceVersionDate "2008.06.24"]
[SourceQuality "1"]

1. e4 c5 2. Nf3 Nc6 3. d4 cxd4 4. Nxd4 Nf6 5. Nc3 d6 6. Bc4 e6 7. Be3 Be7 8. Qe2 a6 9. Bb3 Qc7 10. 0-0-0 0-0 11. g4 Nxd4 12. Rxd4 b5 13. g5 Nd7 14. Rg1 Nc5 15. Qh5 g6 16. Qh6 f5 17. Kb1 f4 18. Bc1 Nxb3 19. axb3 Qc5 20. Rd2 a5 21. Re2 a4 22. bxa4 b4 23. Na2 Rxa4 24. b3 Ra7 25. Bb2 e5 0-1

[Event "IECG CM.2005.0.00274 email"]
[Site "IECG email"]
[Date "2005.04.24"]
[Round "?"]
[White "Sekret, Roman"]
[Black "Gierth, Karlheinz"]
[Result "1/2-1/2"]
[WhiteElo "2307"]
[BlackElo "2321"]
[PlyCount "77"]
[EventDate "2005.04.24"]
[EventType "tourn (corr)"]
[EventRounds "6"]
[SourceTitle "Corr 2008"]
[Source "ChessBase"]
[SourceDate "2008.06.24"]
[SourceVersion "1"]
[SourceVersionDate "2008.06.24"]
[SourceQuality "1"]

1. d4 Nf6 2. c4 c5 3. d5 b5 4. cxb5 a6 5. bxa6 Bxa6 6. Nc3 d6 7. f4 g6 8. Nf3 Bg7 9. e4 Bxf1 10. Rxf1 0-0 11. e5 dxe5 12. fxe5 Ng4 13. Qe2 Qc7 14. d6 Qb7 15. h3 Nh6 16. Qb5 Qxb5 17. Nxb5 exd6 18. Nxd6 Nc6 19. Bf4 Rfd8 20. Nc4 Nf5 21. a3 Ncd4 22. Rd1 Ra4 23. b3 Raa8 24. g4 Nc2+ 25. Kf2 Nfd4 26. Nxd4 Nxd4 27. b4 cxb4 28. Bg5 Rd5 29. Nb6 Rxe5 30. Nxa8 Rxg5 31. axb4 Rb5 32. Ra1 Rxb4 33. Rfb1 Rxb1 34. Rxb1 f5 35. Rb8+ Kf7 36. Rb7+ Kg8 37. Nc7 fxg4 38. hxg4 Bh6 39. Nd5 1/2-1/2

[Event "IECG CM.2005.0.00274 email"]
[Site "IECG email"]
[Date "2005.04.24"]
[Round "?"]
[White "Sekret, Roman"]
[Black "Marusiak, Lech"]
[Result "1/2-1/2"]
[WhiteElo "2307"]
[BlackElo "2467"]
[PlyCount "92"]
[EventDate "2005.04.24"]
[EventType "tourn (corr)"]
[EventRounds "6"]
[SourceTitle "Corr 2008"]
[Source "ChessBase"]
[SourceDate "2008.06.24"]
[SourceVersion "1"]
[SourceVersionDate "2008.06.24"]
[SourceQuality "1"]

1. d4 Nf6 2. c4 c5 3. d5 e6 4. Nc3 exd5 5. cxd5 d6 6. e4 g6 7. Bd3 Bg7 8. h3 0-0 9. Nf3 b5 10. Bxb5 Nxe4 11. Nxe4 Qa5+ 12. Nfd2 Qxb5 13. Nxd6 Qa6 14. N2c4 Rd8 15. Bf4 Nd7 16. 0-0 Nb6 17. Nxb6 Qxb6 18. Nxc8 Raxc8 19. d6 Rb8 20. Qd5 Qxb2 21. Rad1 Bd4 22. Rde1 Qb7 23. Qg5 Qc6 24. Re7 c4 25. Rc7 Qe4 26. Re7 Qc6 27. Bg3 c3 28. Rfe1 Qc5 29. Qf4 Rf8 30. Kh2 Rbc8 31. R7e4 Bg7 32. d7 Rcd8 33. Qd6 Qf5 34. Re7 c2 35. Bf4 g5 36. Bc1 g4 37. Bf4 gxh3 38. gxh3 Kh8 39. R1e2 Rg8 40. Re8 h5 41. Rxg8+ Kxg8 42. Re8+ Kh7 43. Rxd8 c1Q 44. Bxc1 Qxf2+ 45. Kh1 Qf1+ 46. Kh2 Qf2+ 1/2-1/2

[Event "IECG CM.2005.0.00271 email"]
[Site "IECG email"]
[Date "2005.03.16"]
[Round "?"]
[White "Dyakov, Alexander V"]
[Black "Sekret, Roman"]
[Result "0-1"]
[WhiteElo "2292"]
[BlackElo "2307"]
[PlyCount "54"]
[EventDate "2005.03.16"]
[EventType "tourn (corr)"]
[EventRounds "6"]
[SourceTitle "Corr 2008"]
[Source "ChessBase"]
[SourceDate "2008.06.24"]
[SourceVersion "1"]
[SourceVersionDate "2008.06.24"]
[SourceQuality "1"]

1. e4 c5 2. Nc3 Nc6 3. g3 g6 4. Bg2 Bg7 5. d3 d6 6. f4 e5 7. Nh3 Nge7 8. 0-0 Nd4 9. f5 gxf5 10. Qh5 h6 11. Rf2 Be6 12. Be3 Qd7 13. Raf1 Rg8 14. Bxd4 cxd4 15. Nd5 Bxd5 16. exd5 0-0-0 17. Kh1 Kb8 18. c4 Rdf8 19. Ng1 Qc7 20. b4 Qb6 21. Bh3 e4 22. Bxf5 Nxf5 23. Qxf5 e3 24. Rb2 Qa6 25. b5 Qa3 26. Rc2 Qa5 27. Qh7 Qd8 0-1

[Event "IECG CM.2005.0.00271 email"]
[Site "IECG email"]
[Date "2005.03.16"]
[Round "?"]
[White "Hnatovsky, Nicholas"]
[Black "Sekret, Roman"]
[Result "1-0"]
[WhiteElo "2306"]
[BlackElo "2307"]
[PlyCount "73"]
[EventDate "2005.03.16"]
[EventType "tourn (corr)"]
[EventRounds "6"]
[SourceTitle "Corr 2008"]
[Source "ChessBase"]
[SourceDate "2008.06.24"]
[SourceVersion "1"]
[SourceVersionDate "2008.06.24"]
[SourceQuality "1"]

1. d4 d5 2. c4 e6 3. Nc3 c6 4. e3 Nf6 5. Nf3 Nbd7 6. Qc2 Bd6 7. Be2 dxc4 8. Bxc4 0-0 9. 0-0 e5 10. Bb3 Qe7 11. h3 Nb6 12. dxe5 Bxe5 13. Nxe5 Qxe5 14. f4 Qe7 15. e4 Be6 16. Bxe6 Qxe6 17. Be3 Rfd8 18. Bf2 Rd7 19. Rae1 Ne8 20. e5 f5 21. exf6 Qxf6 22. Ne4 Qf5 23. g4 Qa5 24. Nc5 Rf7 25. Qb3 Nd5 26. f5 Qb6 27. Qc2 h6 28. Ne6 Qa5 29. a3 Nec7 30. g5 hxg5 31. Nxg5 Rd7 32. Re5 Ne8 33. Kh1 Nef6 34. Ne6 Re8 35. Rg1 Qb5 36. Bh4 Qb6 37. Qg2 1-0

[Event "IECG CM.2004.0.00240 email"]
[Site "IECG email"]
[Date "2004.02.15"]
[Round "?"]
[White "Olano Aizpurua, Jose Maria"]
[Black "Sekret, Roman"]
[Result "1/2-1/2"]
[WhiteElo "2251"]
[BlackElo "2269"]
[PlyCount "123"]
[EventDate "2004.02.15"]
[EventType "tourn (corr)"]
[EventRounds "6"]
[SourceTitle "Corr 2008"]
[Source "ChessBase"]
[SourceDate "2008.06.24"]
[SourceVersion "1"]
[SourceVersionDate "2008.06.24"]
[SourceQuality "1"]

1. e4 c5 2. Nf3 Nc6 3. d4 cxd4 4. Nxd4 Nf6 5. Nc3 d6 6. Bg5 Bd7 7. Qd2 Rc8 8. 0-0-0 Nxd4 9. Qxd4 Qa5 10. Bd2 e5 11. Qd3 a6 12. Kb1 Ng4 13. Qe2 Be6 14. f3 Nf6 15. g4 Be7 16. h4 Qc7 17. g5 Nh5 18. Rg1 Qd7 19. Nd5 Bxd5 20. exd5 Qf5 21. Be3 Nf4 22. Qd2 f6 23. Bxf4 Qxf4 24. Qxf4 exf4 25. Rd4 fxg5 26. hxg5 Rf8 27. Bd3 g6 28. Rh1 Rf7 29. Rxh7 Rxh7 30. Bxg6+ Kd8 31. Bxh7 Bxg5 32. Bf5 Rc7 33. c3 Rf7 34. Be6 Rh7 35. Rc4 Rc7 36. Rb4 Rh7 37. Kc2 Kc7 38. Kd3 Rh2 39. Ke4 a5 40. Rc4+ Kb6 41. Kf5 Be7 42. Rxf4 Rxb2 43. a4 Kc5 44. Rg4 b5 45. Rg8 Kc4 46. Rc8+ Kd3 47. Rb8 b4 48. cxb4 Rxb4 49. Re8 Bh4 50. Bd7 Bg3 51. Ke6 Rf4 52. Ra8 Rxf3 53. Bc6 Be5 54. Rxa5 Rf6+ 55. Ke7 Rh6 56. Ra8 Rh7+ 57. Ke6 Rh6+ 58. Kf7 Rh7+ 59. Kg6 Rh8 60. Ra7 Kc4 61. Rb7 Bc3 62. Kf5 1/2-1/2